LEADER 00860nam0-2200289---450- 001 990009913290403321 005 20141201183109.0 035 $a000991329 035 $aFED01000991329 035 $a(Aleph)000991329FED01 035 $a000991329 100 $a20141105d1885----km-y0itay50------ba 101 0 $aita 102 $aIT 105 $a--------001yy 200 1 $a<>Mille e la Sicilia$ediscorso di Francesco Crispi pronunciato al Politeama Garibaldi di Palermo il 27 maggio 1885 210 $aRoma$cStab. tip. Italiano$d1885 215 $a18 p.$d19 cm 676 $a945.088 3 700 1$aCrispi,$bFrancesco$f<1818-1901>$0137237 801 0$aIT$bUNINA$gRICA$2UNIMARC 901 $aBK 912 $a990009913290403321 952 $aSG 900/B 142 (3)$bR.Bibl. 10894$fFLFBC 959 $aFLFBC 996 $aMille e la Sicilia$9831043 997 $aUNINA LEADER 01143nam0 22003011i 450 001 SUN0025304 005 20041006120000.0 010 $a88-15-04122-2 100 $a20041006d1993 |0itac50 ba 101 $aita 102 $aIT 105 $a|||| ||||| 200 1 $aMercati oligopolistici e strategie dell'impresa$fCarlo Carraro, Clara Graziano 210 $aBologna$cIl mulino$d[1993] 215 $a415 p.$d24 cm. 606 $aPrezzi$xDeterminazione$2FI$3SUNC004780 606 $aOligopoli$2FI$3SUNC011552 620 $dBologna$3SUNL000003 676 $a338.523$v21 700 1$aCarraro$b, Carlo$3SUNV004464$089119 701 1$aGraziano$b, Clara$3SUNV021178$089310 712 $aIl mulino$3SUNV000011$4650 801 $aIT$bSOL$c20181109$gRICA 912 $aSUN0025304 950 $aUFFICIO DI BIBLIOTECA DEL DIPARTIMENTO DI ECONOMIA$d03 PREST III Ib1 $e03 6630 995 $aUFFICIO DI BIBLIOTECA DEL DIPARTIMENTO DI ECONOMIA$bIT-CE0106$h6630$kPREST III Ib1$op$qa 996 $aMercati oligopolistici e strategie dell'impresa$952163 997 $aUNICAMPANIA LEADER 01131nam--2200361---450- 001 990003603780203316 005 20120110134227.0 010 $a978-88-420-9728-0 035 $a000360378 035 $aUSA01000360378 035 $a(ALEPH)000360378USA01 035 $a000360378 100 $a20111212d2011----km-y0itay50------ba 101 $aita 102 $aIT 105 $a||||||||001yy 200 1 $aEsperienze di governo del territorio$etra effetti perversi e prove di democrazia$fa cura di Antonietta Mazzette 210 $aRoma$aBari$cGLF editori Laterza$d2011 215 $a323 p.$cill.$d21 cm 225 2 $aPercorsi$v143 410 0$12001$aPercorsi$v143 606 0 $aPianificazione territoriale$yItalia$2BNCF 676 $a307.120945 702 1$aMAZZETTE,$bAntonietta 801 0$aIT$bsalbc$gISBD 912 $a990003603780203316 951 $a307.12 ESP 1$b233788 L.M.$c307.12 ESP$d00269566 959 $aBK 969 $aECO 979 $aMARTUCCIEL$b90$c20111212$lUSA01$h1439 979 $aMARTUCCIEL$b90$c20120110$lUSA01$h1342 996 $aEsperienze di governo del territorio$9856331 997 $aUNISA